[Event "3. Open Bohumin 2020"]
[Site "Bohumin"]
[Date "2020.07.18"]
[Round "1.12"]
[White "Petrov, Nikolaj"]
[Black "Galuszka, Tomasz"]
[Result "0-1"]
[WhiteElo "1760"]
[BlackElo "2255"]
[Annotator "TA"]
[PlyCount "88"]
[EventDate "2020.07.18"]
[EventType "swiss"]
[EventCountry "CZE"]
[SourceTitle "playchess.com"]
[Source "ChessBase"]
[SourceQuality "1"]

{[%evp 13,88,0,0,-47,-48,-55,-47,-93,-84,-95,-104,-164,-97,-104,-89,-90,-86,-191,-163,-165,-111,-118,-104,-104,-104,-144,-131,-132,-132,-218,-122,-202,-213,-209,-194,-201,-196,-229,-227,-297,-269,-243,-174,-227,-189,-445,-421,-511,-494,-537,-529,-527,-497,-532,-530,-512,-485,-697,-660,-823,-814,-812,-809,-828,-863,-813,-758,-1217,-1137,-1108,-936,-871,-812,-4918,-4910,-29982,-29983]} 1. Nf3 d5 2. d4 Nf6 3. g3 c6 4. Bg2 Bf5 5. O-O e6 6. Nbd2 h6 7. c4 Nbd7 8. c5 {D11: Slav Defence: 3 Nf3 sidelines and 3...Nf6 4 e3 Bg4.} b6 {[#]} 9. cxb6 $146 ({Predecessor:} 9. b4 a5 10. bxa5 bxc5 11. Ne5 Nxe5 12. dxe5 Nd7 13. e4 Bh7 14. exd5 cxd5 15. Nc4 dxc4 16. Bxa8 Qxa8 {0-1 (24) Bachkat,A (1564)-Maze,S (2572) Bordeaux 2015}) 9... axb6 10. Nb3 {Black is slightly better.} Bd6 11. Bd2 c5 12. e3 (12. a3 $17) 12... O-O ({Black should try} 12... c4 $19 13. Nc1 b5) 13. a3 Qe7 14. Bc3 Ne4 15. Rc1 (15. Nbd2 $17) 15... Nxc3 16. Rxc3 {[#]} Nf6 (16... c4 $1 $19 17. Nh4 Bh7) 17. Nbd2 $17 c4 18. Nh4 Bd3 19. Re1 g5 20. Nhf3 b5 $36 {[%mdl 2048] White is under strong pressure.} 21. b4 (21. Rxd3 $17 {might work better.} cxd3 22. Bf1) 21... Nd7 (21... Qc7 $19 22. Qc1 Ra4) 22. e4 (22. Rxd3 $17 cxd3 23. Nb1) 22... dxe4 $19 23. Nxe4 Bxe4 24. Rxe4 Nf6 25. Re1 Nd5 26. Qc2 Nxc3 27. Qxc3 Qa7 28. Ra1 (28. Re3 {was called for.}) 28... Qa4 {Threatens to win with ...Bxb4!} 29. Qd2 $2 {[#]} (29. Qc1) 29... Bxb4 $1 {[%mdl 576] Double Attack, Pin} 30. Qe3 (30. axb4 Qxa1+) 30... Qb3 31. Qe5 Rxa3 32. Rf1 {intending Nxg5!} Be7 33. d5 Qc3 34. Qc7 Qf6 35. d6 {[#]} (35. Ne5 $142 exd5 36. Nd7) 35... Bxd6 $1 36. Qxd6 Rxf3 37. Bxf3 Qxf3 {[%mdl 4096] Endgame KQR-KQR} 38. Re1 Ra8 39. Qb4 Ra2 40. Qc5 Qd5 41. Qb4 Qd2 42. Qxd2 Rxd2 43. Rb1 c3 {( -> ...c2)} 44. Kf1 c2 {Accuracy: White = 29%, Black = 73%.} 0-1

[Event "3. Open Bohumin 2020"]
[Site "Bohumin"]
[Date "2020.07.18"]
[Round "1.13"]
[White "Kucza, Karol"]
[Black "Gardian, Adam"]
[Result "1-0"]
[WhiteElo "2245"]
[BlackElo "1723"]
[Annotator "TA"]
[PlyCount "65"]
[EventDate "2020.07.18"]
[EventType "swiss"]
[EventCountry "CZE"]
[SourceTitle "playchess.com"]
[Source "ChessBase"]
[SourceQuality "1"]

{[%evp 20,65,27,27,40,0,33,0,1,0,80,0,64,-8,109,91,106,85,158,154,199,202,203,175,225,207,372,359,754,616,615,598,575,515,692,611,1391,1370,1611,1415,2213,2210,2178,1969,3623,3329,29990,29990]} 1. e4 e6 2. d4 d5 3. Nc3 Nf6 4. e5 Nfd7 5. f4 c5 6. Nf3 Nc6 7. Be3 cxd4 8. Nxd4 Bc5 9. Qd2 O-O 10. O-O-O a6 11. Nb3 Be7 {C11: French: Classical System: 4 e5 and 4 Bg5 dxe4.} 12. g4 b5 13. g5 {[#]} (13. h4 $5) 13... b4 $146 {The position is equal.} ({Predecessor:} 13... Nb6 14. Qf2 Nc4 15. Ne4 Bd7 16. Nf6+ gxf6 17. gxf6 Bxf6 18. exf6 Kh8 19. Bc5 Qxf6 20. Bxc4 bxc4 21. Na5 Rfb8 22. Nxc6 Qxb2+ 23. Kd2 c3+ 24. Ke1 Re8 25. Ne5 Ba4 26. Rg1 {1-0 (26) Munguntuul,B (2410)-Nguyen,T (2307) Tromsoe 2014}) 14. Na4 a5 (14... Bb7 $11) 15. Bb5 ({Better is} 15. h4 $16) 15... Qc7 ({Black should try} 15... Na7 $1 $11 16. Bd3 Bb7) 16. Qe2 (16. Kb1 $14) 16... Bb7 (16... Na7 $11 17. Bd3 Qc6 18. Bxa7 (18. Qh5 g6 $19) 18... Rxa7) 17. h4 $16 {White stays focused until the end.} Rfd8 {next ...d4! is good for Black.} 18. Rhg1 Qc8 (18... d4 $142) 19. Bd3 {And now Bxh7+! would win.} Nf8 20. Nb6 {[%mdl 64] [#] Double Attack} Qc7 21. Nxa8 Bxa8 22. Nd4 Na7 $2 (22... Nxd4 23. Bxd4 a4) 23. h5 Nc8 $2 (23... g6 24. Kb1 Bc5) 24. g6 fxg6 25. hxg6 h6 26. Rde1 Nb6 27. Qg4 Qc8 28. f5 Nc4 {[#]} 29. Bxh6 $1 {[%mdl 512]} Nxb2 (29... gxh6 30. f6) 30. Kxb2 Qc3+ 31. Kb1 b3 32. axb3 gxh6 33. g7 {Accuracy: White = 79%, Black = 35%.} 1-0

[Event "3. Open Bohumin 2020"]
[Site "Bohumin"]
[Date "2020.07.18"]
[Round "1.14"]
[White "Delgerdalai, Bayarjavkhlan"]
[Black "Kula, Dominik"]
[Result "1-0"]
[WhiteElo "1626"]
[BlackElo "2250"]
[Annotator "TA"]
[PlyCount "143"]
[EventDate "2020.07.18"]
[EventType "swiss"]
[EventCountry "CZE"]
[SourceTitle "playchess.com"]
[Source "ChessBase"]
[SourceQuality "1"]

{[%evp 21,143,0,0,0,33,-34,-13,-15,-19,-11,-22,-15,0,0,0,0,31,31,62,60,48,32,47,23,30,23,35,0,0,0,0,0,0,-12,235,222,241,210,179,179,189,201,236,235,249,222,222,189,179,179,202,195,212,207,194,196,284,292,286,249,366,366,342,262,404,362,478,511,565,550,858,531,2069,1634,2020,1880,1873,1785,29983,2806,12831,12831,12826,12832,4548,1753,1212,1286,12829,611,12843,12841,12843,12843,12844,12844,12845,12845,12845,12845,12849,12849,12850,12851,27998,27997,27998,27997,27998,27996,27997,27996,27997,27997,27998,27998,27996,27996,27997,27997,27998,27998,27998,27998]} 1. e4 c5 2. Nf3 d6 3. d4 cxd4 4. Nxd4 Nf6 5. Nc3 a6 6. Be3 e5 7. Nb3 Be6 8. Nd5 Nxd5 9. exd5 Bf5 10. Be2 Be7 11. O-O O-O 12. Qd2 {B92: Sicilian Najdorf: 6 Be2.} Nd7 13. f4 (13. Na5 $14) 13... exf4 $15 14. Bxf4 {The position is equal.} Bg6 15. c4 {[#]} Qb6+ $146 ({Predecessor:} 15... Re8 16. Kh1 Rc8 17. Rac1 Nf6 18. Bf3 Ne4 19. Bxe4 Bxe4 20. Nd4 Qd7 21. b3 Bf6 {½-½ (30) Binas,J (2328)-Zahour,J (2343) ICCF email 2016}) 16. Be3 Bg5 17. Bxb6 Bxd2 18. Bc7 Bb4 (18... Be3+ {is interesting.} 19. Kh1 Rfe8 20. Bxd6 a5 21. a4 Nf6) 19. a3 Rac8 20. axb4 Rxc7 21. Rfc1 Rfc8 22. Rc3 Kf8 23. Nd4 $36 {[%mdl 2048] White has some pressure.} Nb6 24. b5 a5 $1 25. b3 Nxd5 26. Rf3 {Hoping for Ne6+.} Nf6 $1 27. Rxa5 Bh5 $2 {Loses the game.} (27... d5 $11 {and Black has nothing to worry.}) 28. Rxf6 $1 $18 Bxe2 29. Rxd6 Bd3 30. Ne6+ fxe6 31. Rxd3 {[%mdl 4096] Endgame KRR-KRR} Re7 32. Ra2 Rc5 33. Rf2+ Ke8 34. Rdf3 Kd7 35. Rf7 Re5 36. Rd2+ Ke8 37. Rxe7+ Kxe7 {KR-KR} 38. Kf2 Rf5+ (38... h6 {might work better.} 39. Ra2 Kd6) 39. Ke3 Rf1 40. Kd4 Kd6 (40... Rf5 {keeps fighting.} 41. Ra2 Kd6) 41. c5+ Kc7 42. Re2 Rd1+ (42... b6 $142 43. Rxe6 Rd1+ 44. Kc3 Rc1+ 45. Kd3 Rxc5) 43. Kc3 Rc1+ 44. Kb4 Kd7 45. Rf2 Ke7 {[#]} 46. c6 $1 {[%mdl 512]} bxc6 47. b6 {[%cal Bb5b6,Bb6b7][%mdl 32]} c5+ 48. Kb5 Rb1 49. Rf3 Kd7 50. Kxc5 (50. Rd3+ $142 Ke7 51. b7 c4 52. Kxc4 e5 53. b8=Q Rc1+ 54. Kb5 Kf7 55. Qxe5) 50... e5 51. b7 Kc7 52. Rf7+ {[%mdl 64] [#] Double Attack} Kb8 53. Kc6 {Threatening mate with Rf8+.} Ka7 54. Rxg7 {White threatens Rg4 and mate.} e4 55. Re7 (55. Rxh7 $142 e3 56. Re7) 55... Rxb3 56. Rxe4 Rxb7 57. Kd6 Rb2 58. Rg4 Kb6 59. h4 Re2 60. h5 h6 61. Rg6 Kb7 62. Rxh6 Rxg2 63. Rg6 {White mates.} Rc2 64. Ke7 Rc7+ 65. Kf8 Rc8+ 66. Kg7 Rc7+ 67. Kh8 Rc8+ 68. Kh7 Kc7 69. h6 Re8 70. Kg7 Re7+ 71. Kf8 Re1 72. h7 {Accuracy: White = 80%, Black = 56%.} 1-0

[Event "3. Open Bohumin 2020"]
[Site "Bohumin"]
[Date "2020.07.18"]
[Round "1.15"]
[White "Poysti, Nathanael"]
[Black "Sulkowski, Dawid"]
[Result "1-0"]
[WhiteElo "2209"]
[BlackElo "1618"]
[Annotator "TA"]
[PlyCount "59"]
[EventDate "2020.07.18"]
[EventType "swiss"]
[EventCountry "CZE"]
[SourceTitle "playchess.com"]
[Source "ChessBase"]
[SourceQuality "1"]

{[%evp 15,59,28,18,24,54,38,58,59,59,57,62,69,102,85,145,142,136,138,133,94,103,93,141,139,160,133,218,161,301,269,268,283,266,285,425,450,529,572,804,797,780,765,1022,1014,983,963]} 1. c4 e5 2. Nc3 Nc6 3. g3 g6 4. Bg2 Bg7 5. e4 d6 6. Nge2 Nge7 7. d3 O-O 8. O-O h6 9. Nd5 {A26: English Opening vs King's Indian with ...Nc6 and d3.} f5 10. Be3 Be6 11. Qd2 {White is slightly better.} Kh7 12. Rac1 Qd7 13. b4 Nd8 {[#]} 14. d4 $146 ({Predecessor:} 14. Nxe7 Qxe7 15. exf5 Bxf5 16. d4 Qd7 17. dxe5 dxe5 18. Qxd7 Bxd7 19. Nc3 c6 20. Bc5 {1-0 (46) Mogranzini,R (2499)-Misiano,F (2252) Condino 2014}) 14... c6 ({Black should play} 14... Ng8) 15. Nxe7 $16 Qxe7 16. d5 cxd5 17. exd5 Bd7 18. c5 e4 19. cxd6 Qe8 20. Rc7 b6 (20... Nf7 $16 21. Rxb7 Nxd6) 21. Bd4 {Strongly threatening f3.} Bxd4 (21... Rf7 {keeps fighting.} 22. f3 (22. Bxg7 Rxg7 23. f3 e3 $16) 22... exf3 23. Bxf3 (23. Rxf3 Qf8 $18) 23... Qf8) 22. Nxd4 $18 (22. Qxd4 Nf7 $16) 22... Nf7 23. Rfc1 {[#] Ne6! is the strong threat.} Nxd6 24. Bf1 a5 (24... Rc8 {might work better.} 25. Qf4 (25. Rxa7 Rf7 $16) 25... Rxc7 26. Rxc7 Nf7) 25. Qf4 {White is clearly winning.} Nf7 {[#]} 26. Ne6 $1 {[%mdl 512]} Bxe6 27. dxe6 Qxe6 28. Bc4 Qf6 29. Bxf7 Rxf7 30. Rxf7+ {Accuracy: White = 90%, Black = 33%.} 1-0

[Event "3. Open Bohumin 2020"]
[Site "Bohumin"]
[Date "2020.07.18"]
[Round "1.17"]
[White "Rodshtein, Tereza"]
[Black "Mrazek, Roman"]
[Result "1-0"]
[WhiteElo "2186"]
[BlackElo "1839"]
[Annotator "TA"]
[PlyCount "99"]
[EventDate "2020.07.18"]
[EventType "swiss"]
[EventCountry "CZE"]
[SourceTitle "playchess.com"]
[Source "ChessBase"]
[SourceQuality "1"]

{[%evp 15,99,-8,7,-22,16,2,3,0,20,0,0,-24,-34,6,14,-42,-34,-30,-36,-105,-109,-111,-100,-92,-39,-56,0,0,0,0,0,0,-11,-86,-14,-9,0,0,0,0,14,8,8,9,17,4,73,39,118,115,115,39,55,15,15,15,29,15,129,129,118,118,327,261,254,254,252,247,313,281,564,590,925,908,525,701,1173,953,1308,1699,1263,1066,947,842,2277,372]} 1. e4 c5 2. Nf3 d6 3. d4 cxd4 4. Nxd4 Nf6 5. Nc3 g6 6. Bc4 Bg7 7. O-O O-O 8. h3 Nc6 9. Nb3 {B70: Sicilian Dragon: 6 g3 and 6 Be2 (without a later Be3).} Bd7 10. Be3 Rc8 11. Be2 {[#] The position is equal.} Qc7 $146 ({Predecessor:} 11... a6 12. f4 b5 13. Bf3 b4 14. Ne2 a5 15. a4 Qc7 16. Qd3 Be6 17. Rfc1 Nd7 {0-1 (41) Panas,P (2220)-Dobrowolski,P (2389) Ustron 2009}) 12. Bg5 Be6 13. f4 Na5 14. f5 Bc4 (14... Nc4 $5 {[%cal Rc4b2]} 15. fxe6 Nxb2 $11) 15. Nxa5 (15. Rb1 $11) 15... Qxa5 $15 16. Bxc4 Rxc4 17. Qe2 (17. Qd3 $15 Rfc8 18. Rab1) 17... Rfc8 $17 18. Rab1 Nh5 19. Nd5 {[#]} Bd4+ ({Of course not} 19... Rxc2 $6 20. Qd3 $11) (19... Qc5+ $1 $17 20. Rf2 Bd4) 20. Be3 Rxc2 (20... Ng3 $5 {[%cal Rg3e2]} 21. Qf3 Nxf1 22. Rxf1 Bxe3+ 23. Nxe3 f6 24. Nxc4 Rxc4 $17) 21. Qf3 $36 {[%mdl 2048] White is more active.} Bxe3+ $1 22. Nxe3 {Threatens to win with fxg6.} Nf6 {Strongly threatening ...Rd2.} 23. fxg6 hxg6 24. Nd5 {[#]} (24. Nxc2 $11 Rxc2 25. Qd3 Qc5+ 26. Kh1) 24... Qd8 ({Better is} 24... Re8 $1 $17) 25. Rbd1 $11 {next e5 is good for White.} Qf8 26. Nxf6+ exf6 27. Qxf6 Qg7 28. Qf4 Rxb2 {Hoping for ...Rcc2.} 29. Rxd6 Rf8 30. Rd7 Rb6 (30... Rxa2 $11 31. Rxb7 Ra1) 31. Qc7 Qh7 (31... Ra6 $14) 32. e5 $16 Qg7 33. Re7 (33. a4 $16) 33... Re6 $1 $14 34. Rexf7 Rxf7 35. Qc8+ {[%mdl 64] Double Attack} Kh7 {aiming for ...Rxf1+.} 36. Qxe6 Rxf1+ (36... Re7 $11 {remains equal.} 37. Qf6 Rxe5) 37. Kxf1 $11 {[%mdl 4096] Endgame KQ-KQ} Qf8+ 38. Ke2 Qf4 $2 {Loses the game.} (38... Qc5 $16 39. Kd3 Qb5+ 40. Ke3 Qc5+ 41. Kf3 Qc3+ 42. Kg4 Qd4+ 43. Kg5 Qd8+ 44. Qf6 Qd2+ 45. Qf4 Qd8+ 46. Kg4 Qd5) 39. Qd5 Qa4 40. Qxb7+ Kh6 41. Qd5 Qa6+ 42. Kd2 Qf1 $2 (42... Kg7 43. Ke3 Qa3+ 44. Ke4 Qb2) 43. e6 $18 {Black must now prevent e7.White is clearly winning.} Qf2+ 44. Kd3 Qf1+ 45. Kd4 Qf8 46. Ke4 Qf6 47. Qe5 Qe7 48. Kf3 g5 49. Kg3 Qa3+ 50. Kh2 $2 {Accuracy: White = 68%, Black = 45%.} (50. Kg4 Qe7 51. Qh8+ Kg6 52. Qh5+ Kf6 53. Qxg5+ Kxe6 54. Qxe7+ Kxe7 55. Kg5) 1-0

[Event "3. Open Bohumin 2020"]
[Site "Bohumin"]
[Date "2020.07.18"]
[Round "1.18"]
[White "Buchta, Bartolomej"]
[Black "Sramek, Vojtech"]
[Result "0-1"]
[WhiteElo "1577"]
[BlackElo "2177"]
[Annotator "TA"]
[PlyCount "60"]
[EventDate "2020.07.18"]
[EventType "swiss"]
[EventCountry "CZE"]
[SourceTitle "playchess.com"]
[Source "ChessBase"]
[SourceQuality "1"]

{[%evp 23,60,37,60,0,12,-8,0,0,8,-6,24,-10,-24,-16,-17,0,-22,-379,-383,-485,-429,-530,-521,-523,-479,-541,-546,-637,-632,-661,-654,-714,-707,-738,-738,-732,-647,-597,-589]} 1. e4 c5 2. Nf3 d6 3. d4 cxd4 4. Nxd4 Nf6 5. Nc3 g6 6. f3 Bg7 7. Be3 Nc6 8. Bc4 O-O 9. Bb3 Bd7 10. Qd2 Rc8 11. O-O-O Nxd4 $1 {[%mdl 4] is now more promising than 11...Ne5.} 12. Bxd4 b5 13. h4 {With the idea h5. B78: Sicilian Dragon: Yugoslav Attack, 9 Bc4 Bd7 10 0-0-0 Rc8.} a5 $1 {[%cal Ra5a4] [#] Strongly threatening ...a4.} 14. e5 dxe5 15. Bxe5 {The position is equal.} Bc6 {...Qxd2+ is the strong threat.} 16. Qxd8 Rfxd8 {[#]} 17. Rxd8+ $146 ({Predecessor:} 17. a3 Nh5 18. Bxg7 Nxg7 19. Bd5 Bxd5 20. Nxd5 Nf5 21. g4 e6 22. Nb6 Rxd1+ 23. Rxd1 {1-0 (42) Mrkus,F (1639)-Pulpan,M (1766) Kouty nad Desnou 2012}) 17... Rxd8 18. Bc7 Bh6+ 19. Kb1 Rd2 {[#] Threatens to win with ...a4.} 20. Rg1 $2 {[%mdl 8192]} (20. a4 $1 $11 {and White is okay.} bxa4 21. Bxa4 Bxa4 22. Nxa4) 20... a4 $19 21. g4 Ne8 {Black is clearly winning.} ({Resist} 21... axb3 22. g5 $19) 22. Bxf7+ Kxf7 23. Ba5 Rf2 24. Bb4 Rxf3 25. g5 Bg7 26. Re1 Nd6 27. Ba5 Rf4 28. Bd8 Nf5 29. a3 Bxc3 30. bxc3 Rxh4 {Black took control after the opening. Accuracy: White = 24%, Black = 92%.} 0-1

[Event "3. Open Bohumin 2020"]
[Site "Bohumin"]
[Date "2020.07.18"]
[Round "1.19"]
[White "Kijonka, Ondrej"]
[Black "Pilch, Roman"]
[Result "1/2-1/2"]
[WhiteElo "1544"]
[BlackElo "2164"]
[Annotator "TA"]
[PlyCount "51"]
[EventDate "2020.07.18"]
[EventType "swiss"]
[EventCountry "CZE"]
[SourceTitle "playchess.com"]
[Source "ChessBase"]
[SourceQuality "1"]

{[%evp 9,51,16,82,72,73,83,84,45,60,31,43,47,39,49,57,58,58,36,39,26,79,38,56,33,50,51,75,75,167,146,199,32,53,30,30,30,29,23,20,16,23,21,25,14]} 1. e4 c6 2. Nf3 g6 3. Nc3 d5 4. d4 Bg7 5. e5 h5 (5... f6 $11 {remains equal.}) 6. h3 $16 {B15: Caro-Kann: 3 Nc3: 3...g6 and 3...dxe4 4 Nxe4 Nf6 5 Nxf6+ exf6.} Nh6 7. Bd3 Bf5 {[#]} 8. Bxf5 $146 {White is better.} ({Predecessor:} 8. O-O Qd7 9. Re1 e6 10. Bf1 b6 11. Bg5 O-O 12. Nh2 c5 13. dxc5 bxc5 14. g4 hxg4 15. hxg4 Bxg4 16. Nxg4 {1-0 (24) Eschert,U (2325)-Humbert,P (1153) ICCF email 2017}) 8... Nxf5 9. Ne2 e6 10. c3 Qb6 11. O-O Nd7 12. Qc2 c5 13. Bf4 Rc8 {With the idea ...cxd4.} 14. Qd2 Qa6 (14... Qa5 $11) 15. b3 Qa5 16. Qb2 cxd4 17. cxd4 Qa6 18. Qd2 b6 (18... Ne7 $16) 19. Rfc1 O-O {[#]} (19... Ne7 $16 {was necessary.} 20. Rxc8+ Qxc8) 20. Ng3 $2 (20. g4 $1 $18) 20... Nxg3 21. Bxg3 (21. fxg3 {feels hotter.} Rxc1+ 22. Rxc1 Rc8 23. Rf1 Rc7 24. Bh6) 21... Rxc1+ 22. Rxc1 {aiming for Rc7.} Rc8 23. Rxc8+ Qxc8 24. Bf4 Bf8 25. Bg5 a5 26. Qd3 {Accuracy: White = 73%, Black = 79%.} 1/2-1/2

[Event "3. Open Bohumin 2020"]
[Site "Bohumin"]
[Date "2020.07.18"]
[Round "1.20"]
[White "Weinzettl, Ernst"]
[Black "Kubik, Rafal"]
[Result "1-0"]
[WhiteElo "2166"]
[BlackElo "1531"]
[Annotator "TA"]
[PlyCount "71"]
[EventDate "2020.07.18"]
[EventType "swiss"]
[EventCountry "CZE"]
[SourceTitle "playchess.com"]
[Source "ChessBase"]
[SourceQuality "1"]

{[%evp 9,71,-47,-43,-47,-25,-73,-47,-146,-148,-154,-130,-130,329,320,283,213,210,192,204,195,190,203,205,204,226,227,224,223,221,210,201,196,197,191,296,296,323,323,323,323,293,237,232,240,310,315,319,316,311,316,303,312,582,573,619,607,612,577,898,855,1176,1225,1086,1063]} 1. e4 e5 2. Nc3 Nc6 3. f4 exf4 4. Nf3 g5 5. g3 d6 6. d4 {C25: Vienna Game: Alternatives to 2...Nf6.} Bg7 7. Bb5 {[#]} ({Not} 7. gxf4 $2 g4 $17) 7... Bd7 $146 ({Predecessor:} 7... a6 8. Ba4 Bd7 9. d5 Ne5 10. gxf4 gxf4 11. Bxd7+ Qxd7 12. Bxf4 Nxf3+ 13. Qxf3 Ne7 {½-½ (34) Gareyev,T (2598)-Heimann,A (2617) Sitges 2019}) 8. O-O ({White should try} 8. h3 $15) 8... g4 $17 9. Bxc6 Bxc6 10. Nh4 Nh6 $2 {[%mdl 8192] This move loses the game for Black.} (10... f3 $17 {keeps the pressure on.} 11. Nf5 Bf6) 11. Bxf4 $18 Qe7 12. Nd5 Bxd5 13. exd5 {[#] aiming for Re1.} O-O-O 14. Bxh6 Bxh6 15. Qxg4+ Qd7 16. Qxd7+ Rxd7 17. Rae1 Bg5 18. Nf5 Kd8 19. Re4 Re8 20. Rfe1 {[%csl Ge1][%cal Re4e8] [#]} Rxe4 21. Rxe4 {[%mdl 4096] Endgame KRB-KRN} h5 (21... c5 $142 22. dxc6 bxc6) 22. h4 Bf6 23. g4 hxg4 24. Rxg4 {[%cal Rg4g8]} Kc8 25. Rf4 Rd8 26. Nh6 Bg7 27. Nxf7 Rf8 28. c3 Kd7 {With the idea ...Ke7.} 29. Rf2 Ke7 30. Ng5 Rxf2 $2 (30... Bf6 {is a better defense.} 31. Kg2 Rg8) 31. Kxf2 {KB-KN. White is clearly winning.} c6 32. dxc6 bxc6 33. Kf3 a5 34. Ke4 Kf6 35. a4 d5+ 36. Kf4 {Accuracy: White = 82%, Black = 45%.} 1-0

[Event "3. Open Bohumin 2020"]
[Site "Bohumin"]
[Date "2020.07.19"]
[Round "2.1"]
[White "Starosta, Martyna"]
[Black "Kriebel, Tadeas"]
[Result "0-1"]
[WhiteElo "2079"]
[BlackElo "2515"]
[Annotator "TA"]
[PlyCount "84"]
[EventDate "2020.07.18"]
[EventType "swiss"]
[EventCountry "CZE"]
[SourceTitle "playchess.com"]
[Source "ChessBase"]
[SourceQuality "1"]

{[%evp 14,84,35,13,28,0,0,-18,-16,-14,-13,-11,-14,-54,-54,-54,-44,-44,-39,-46,-47,-45,-38,-50,-23,-56,-50,-85,-36,-39,-38,-44,-44,-42,-42,-42,-44,-48,-19,-116,-104,-106,-106,-116,-107,-110,-102,-105,-110,-213,-210,-217,-216,-198,-170,-379,-365,-341,-369,-1744,-1645,-1463,-1311,-29981,-29982,-29982,-29983,-29983,-29984,-29984,-29985,-29984,-29983]} 1. e4 c5 2. Nf3 e6 3. d4 cxd4 4. Nxd4 Nc6 5. Nc3 Qc7 6. g3 a6 7. Bg2 Nf6 8. O-O h5 {B47: Sicilian: Taimanov: 5 Nc3 Qc7 6 f4, 6 g3 and 6 Be2.} 9. Nxc6 dxc6 {[#]} 10. Re1 $146 ({Predecessor:} 10. e5 Qxe5 11. Bf4 Qa5 12. Re1 Be7 13. Re5 Qb6 14. Na4 Qd8 15. Qe2 Nd5 16. Rd1 {0-1 (46) Piorun,K (2634)-Yilmaz,M (2636) St Petersburg 2018}) 10... e5 {The position is equal.} 11. h3 Bc5 12. Na4 Ba7 13. c4 b5 14. Nc3 Be6 15. cxb5 axb5 16. Be3 Bxe3 17. Rxe3 O-O 18. Qc2 Qa7 19. b3 Rfd8 20. Rd1 Rd4 21. Red3 $1 Qc5 {White must now prevent ...b4.} 22. Qb2 {next Rxd4 is good for White.} Rad8 23. Rxd4 Rxd4 24. Rxd4 Qxd4 25. Qc2 h4 26. Ne2 (26. gxh4 $11 Qb4 27. Kh2) 26... Qa1+ $17 {White is on the road to losing.} 27. Kh2 Qe1 $36 {[%mdl 2048] Black is on the roll.} 28. Ng1 hxg3+ 29. fxg3 {[#]} Nh5 $1 30. Qd3 {White wants to play Qd8+.} g6 31. Ne2 {[#]} (31. a4 $17) 31... b4 $1 $19 32. Bf3 Kh7 33. Bg2 c5 34. g4 $2 {[#]} (34. Bf3) 34... Nf4 $1 {[%mdl 512]} 35. Nxf4 exf4 36. Qc2 $2 (36. Qf3) 36... Qg3+ 37. Kh1 f3 38. Bf1 f2 {[%csl Gf2][%cal Rg3g1] Black mates.} 39. Bg2 {[#]} Bxg4 $1 {[%mdl 512]} 40. Qc4 (40. hxg4 Qh4+) 40... Be6 41. Qf1 Kg8 42. e5 Kh7 {Accuracy: White = 53%, Black = 90%.} 0-1

[Event "3. Open Bohumin 2020"]
[Site "Bohumin"]
[Date "2020.07.19"]
[Round "2.2"]
[White "Pulpan, Jakub"]
[Black "Cempel, Jaroslav"]
[Result "1-0"]
[WhiteElo "2407"]
[BlackElo "2045"]
[Annotator "TA"]
[PlyCount "65"]
[EventDate "2020.07.18"]
[EventType "swiss"]
[EventCountry "CZE"]
[SourceTitle "playchess.com"]
[Source "ChessBase"]
[SourceQuality "1"]

{[%evp 9,65,67,61,75,73,71,58,12,62,24,88,81,76,50,90,70,78,79,104,102,106,87,94,85,114,108,104,117,118,136,105,110,115,127,247,233,318,308,309,308,312,286,295,211,283,288,297,290,380,372,540,509,693,695,929,985,1005,681]} 1. Nf3 f5 2. d3 Nf6 3. e4 e6 4. e5 Nd5 5. c4 Nb6 6. d4 {A04: Unusual lines after 1 Nf3 and King's Indian Attack.} d6 7. Nc3 Be7 {[#]} 8. a4 $146 {White is slightly better.} ({Predecessor:} 8. Be2 O-O 9. O-O Re8 10. Re1 N8d7 11. exd6 cxd6 12. Bd3 Nf8 13. b3 Bf6 14. Bf1 {1-0 (41) Mchedlishvili,M (2587)-Sanikidze,T (2508) Tbilisi 2015}) 8... a5 9. Be2 Nc6 (9... dxe5 $11 10. Nxe5 Nc6) 10. exd6 $16 cxd6 11. d5 Nb4 {Black is on the road to losing.} 12. dxe6 Bxe6 13. Nd4 Qd7 14. Nxe6 Qxe6 15. O-O {Hoping for Bh5+.} O-O 16. Re1 $36 {[%mdl 2048] White has strong initiative.} Bf6 17. Nb5 Rad8 18. Bd2 Kh8 19. Bxb4 axb4 20. Qb3 Qe5 21. a5 Nc8 {[#]} (21... Nd7 $16) 22. Bf3 $1 $18 {[%mdl 64] Discovered Attack} ({Don't do} 22. Qxb4 $6 Qxb2 23. Qxb2 Bxb2) 22... Qxb2 23. Qxb2 Bxb2 24. Rab1 Bc3 25. Nxc3 bxc3 26. Rxb7 (26. Bxb7 $6 Rf7 $18) 26... d5 27. Bxd5 ({Much less strong is} 27. cxd5 $6 Nd6 $18) 27... Nd6 28. Rb3 c2 {[#] Strongly threatening ...Nxc4!} 29. Rc3 Rc8 (29... Rd7 $142 30. Rxc2 Ra7) 30. Rxc2 {White is clearly winning.} Rc5 31. Ra1 Rfc8 {Black hopes to continue with ...Rxd5.} 32. a6 {[%cal Ba5a6,Ba6a7][%mdl 32]} Nb5 33. a7 {Accuracy: White = 79%, Black = 31%.} 1-0